Normal view MARC view
  • Supervisor : Dr. Muhammad Safdar

Entry Personal Name

Number of records used in: 15

001 - CONTROL NUMBER

  • control field: 119644

003 - CONTROL NUMBER IDENTIFIER

  • control field: NUST

005 - DATE AND TIME OF LATEST TRANSACTION

  • control field: 20231211152030.0

008 - FIXED-LENGTH DATA ELEMENTS

  • fixed length control field: 231211|| aca||aabn | a|a d

040 ## - CATALOGING SOURCE

  • Original cataloging agency: NUST
  • Transcribing agency: NUST

100 ## - HEADING--PERSONAL NAME

  • Personal name: Supervisor : Dr. Muhammad Safdar

670 ## - SOURCE DATA FOUND

  • Source citation: Work cat.: (NUST): Tanzeel Ur Rehman Siddiqi, Muhammad 119643, Comparative Analysis of Analytical and Numerical Approximations for the Mass and Heat Transfer in Mixed Convection Stagnation Point Flow of Casson Fluid Over the Stretching Sheet Considering Unsteadiness Parameter /
© 2023 Central Library, National University of Sciences and Technology. All Rights Reserved.